Logo BPK

Biblioteka

Politechniki Koszalińskiej

August 1914 [nineteen fourteen] / (Rekord nr 48061)

Szczegóły MARC
000 -ETYKIETA REKORDU
podpole kontrolne o stałej długości 00609nam a2200193 i 4500
001 - NUMER KONTROLNY REKORDU
pole kontrolne bgj
020 ## - MIĘDZYNARODOWY ZNORMALIZOWANY NUMER KSIĄŻKI - ISBN
ISBN 0374106843 (hbk, jacket)
040 ## - ŹRÓDŁO KATALOGOWANIA
Instytucja, która utworzyła rekord BPK
041 1# - KOD JĘZYKA
Kod języka tekstu eng
Kod języka oryginału ruru
920 ## - Międzynarodowy znormalizowany numer książki – ISBN
ISBN 0-374-10684-3 (hbk, jacket)
008 - POLE O STAŁEJ DŁUGOŚCI - DANE KONTROLNE
podpole kontrolne o stałej długości s uk f |000 0 eng
100 1# - NAZWA OSOBOWA
Nazwa osobowa SOLZHENITSYN, Alexander.
245 10 - TYTUŁ/ODPOWIEDZIALNOŚĆ
Tytuł August 1914 [nineteen fourteen] /
Pozostałe elementy strefy tytułu i oznaczenia odpowiedzialności Alexander Solzhenitsyn ; transl. by Michael Glenny.
260 ## - STREFA ADRESU WYDAWNICZEGO
Miejsce wydania New York :
Nazwa wydawcy/dystrybutora Farrar, Straus and Giroux,
Data publikacji, dystrybucji/powstania dokumentu cop. 1972.
300 ## - STREFA OPISU FIZYCZNEGO
Objętość 622 pp ;
Rozmiary 25 cm.
650 #9 - HASŁO PRZEDMIOTOWE W FORMIE NAZWY OGÓLNEJ LUB JEDNOSTKOWEJ
Nazwa ogólna lub geograficzna Russian fiction
Określnik chronologiczny 20th century
700 1# - HASŁO DODATKOWE - NAZWA OSOBOWA
Nazwa osobowa GLENNY, Michael.
Określenie związku między hasłem a opisywanym materiałem translator
856 ## - LOKALIZACJA I DOSTĘP DO ELEKTRONICZNYCH DOKUMENTÓW ZDALNYCH
Link (URL) http://koha.tu.koszalin.pl/cgi-bin/koha/opac-detail.pl?biblionumber=48061
Tekst linku Katalog online BPK
942 ## - DODATKOWE ELEMENTY (KOHA)
Typ dokumentu Książka
Egzemplarze
Wycofany Status egzemplarza Uszkodzony Dostępność Lokalizacja stała Lokalizacja bieżąca Miejsce przechowywania Sygnatura Kod kreskowy Typ dokumentu
      Dostępny Biblioteka Politechniki Koszalińskiej Biblioteka Politechniki Koszalińskiej Wypożyczalnia Językowa KA 5034 09086319 Książka
© 2023 Biblioteka Politechniki Koszalińskiej :: KOHA